| 000 | 02207cam a2200505 i 4500 | ||
|---|---|---|---|
| 001 | 17578785 | ||
| 003 | OSt | ||
| 005 | 20210419051850.0 | ||
| 008 | 130103s2013 nyuab b 001 0deng | ||
| 010 | _a 2012049719 | ||
| 020 | _a9780385532921 | ||
| 020 | _a9780307476418 (pbk.) | ||
| 040 |
_aDLC _beng _cDLC _erda _dDLC |
||
| 042 | _apcc | ||
| 043 |
_ae-uk--- _aaw----- _aa-tu--- |
||
| 050 | 0 | 0 |
_aD568.4.L45 _bA66 2013 |
| 080 |
_a94 _bA-54 |
||
| 082 | 0 | 0 |
_a940.4/1241092 _aB _223 |
| 100 | 1 |
_aAnderson, Scott, _d1959- |
|
| 245 | 1 | 0 |
_aLawrence in Arabia : _bwar, deceit, imperial folly and the making of the modern Middle East / _cScott Anderson. |
| 250 | _aFirst Edition. | ||
| 264 | 1 |
_aNew York : _bDoubleday, _c2013. |
|
| 300 |
_axii, 577 pages ; _billustrations, maps ; _c25 cm |
||
| 336 |
_atext _2rdacontent |
||
| 337 |
_aunmediated _2rdamedia |
||
| 338 |
_avolume _2rdacarrier |
||
| 365 | _b28.95 usd | ||
| 500 | _aMaps on lining papers. | ||
| 504 | _aIncludes bibliographical references (pages 543-552) and index. | ||
| 505 | 0 | _aPlayboys in the holy land -- A very unusual type -- Another and another nice thing -- To the last million -- A despicable mess -- The keepers of secrets -- Treachery -- The battle joined -- The man who would be kingmaker -- Neatly in the void -- A mist of deceits -- An audacious scheme -- Aqaba -- Hubris -- To the flame -- A gathering fury -- Solitary pursuits -- Damascus -- Epilogue: Paris. | |
| 600 | 1 | 0 |
_aLawrence, T. E. _q(Thomas Edward), _d1888-1935. |
| 610 | 1 | 0 |
_aGreat Britain. _bArmy _vBiography. |
| 650 | 0 |
_aWorld War, 1914-1918 _xCampaigns _zMiddle East. |
|
| 650 | 0 |
_aWorld War, 1914-1918 _xCampaigns _zTurkey. |
|
| 650 | 0 |
_aSoldiers _zGreat Britain _vBiography. |
|
| 651 | 0 |
_aMiddle East _xHistory _y1914-1923. |
|
| 653 | _aისტორია | ||
| 653 | _aდიდი ბრიტანეთი | ||
| 653 | _aპირველი მსოფლიო ომი | ||
| 653 | _aბიოგრაფია | ||
| 653 | _aშუა აზია | ||
| 906 |
_a7 _bcbc _corignew _d1 _eecip _f20 _gy-gencatlg |
||
| 942 |
_2udc _cBK |
||
| 999 |
_c219 _d219 |
||